000 00704nam a2200265 a 4500
003 AR-BaBNM
005 20251128205316.0
008 082120s2002 ||||||||||||||000 | spa||
020 _a950-843-238-1
040 _cAR-BaBNM
245 0 0 _aPoesía griega moderna
260 _aBuenos Aires
_bVinciguerra
_c1997
300 _a284 p.
500 _aContiene referencias biográficas y bibliográficas en p. 277
650 4 _aANTOLOGIAS
650 4 _aLITERATURA GRIEGA
650 4 _aESCRITORES
650 4 _aPOESIA
650 4 _aLITERATURA CONTEMPORANEA
653 _aINFLUENCIA CLASICA
655 _aLITERATURA
700 1 _aCastillo, Horacio
_eprologuista
942 _cBK
998 _cMARTIN
999 _c10862
_d10862